| 000 | 00365nam a22001337a 4500 | ||
|---|---|---|---|
| 082 |
_a625.8 _bHAR |
||
| 100 |
_aHARR _943774 |
||
| 245 |
_aExtension of AASHO road test performance concepts/ _cHARR |
||
| 260 |
_aWashington: _bThe world bank, _c1966. |
||
| 300 |
_bill.; _c20 cm. |
||
| 526 |
_a0 _b0 _c0 _d625_800000000000000_HAR |
||
| 650 |
_aMCE _9379 |
||
| 942 |
_2ddc _cBK |
||
| 999 |
_c547630 _d547630 |
||